000 00861nam a2200217Ia 4500
003 GCL
008 140319s9999 xx 000 0 ara d
040 _aGCL /
_cGCL
082 0 4 _a811.00905
_bب ا
100 1 _aالبطليوسى , ابومحمد عبدالله
245 1 0 _aالانتصار ممن عدل عن الاستبصار /
_cالبطليوسى , ابومحمد عبدالله
700 1 _aحامد عبدالمجيد
300 _a100 ص
490 _aالهيئة العامة للاستعلامات
_v0
650 0 4 _aالشعر العربى - تاريخ ونقد
650 0 4 _aالشعر العربى - العصر العباسى الاول
650 0 4 _aابوالعلاء المعرى - تاريخ ونقد
650 0 4 _aاللزوميات - تاريخ ونقد
650 0 4 _aسقط الزند - تاريخ ونقد
942 _2ddc
_cBK
999 _c51755
_d51755